| 000 | 01213cam a2200325 a 4500 | ||
|---|---|---|---|
| 999 |
_c233487 _d233487 |
||
| 001 | 12915833 | ||
| 003 | Nust | ||
| 005 | 20170308112355.0 | ||
| 008 | 010614m20019999enkb 000 1 eng d | ||
| 010 | _a 2003428845 | ||
| 020 | _a9780330492027 | ||
| 035 | _a(OCoLC)ocm47130085 | ||
| 040 |
_aCUI _cCUI _dDLC |
||
| 041 | 1 |
_aeng _hita |
|
| 050 | 0 | 0 |
_aPQ4873.A4776 _bA7913 2001 |
| 082 |
_a853.914 _bMAN |
||
| 100 | 1 | _aManfredi, Valerio. | |
| 240 | 1 | 0 |
_aAléxandros. _lEnglish |
| 245 | 1 | 0 |
_aAlexander / _cValerio Massimo Manfredi ; |
| 260 |
_aLondon : _bMacmillan, _c2001 |
||
| 300 |
_a576 p : _c24 cm. |
||
| 505 | 0 | _a1. Child of a dream -- 2. The sands of Ammon. | |
| 600 | 0 | 0 |
_aAlexander, _cthe Great, _d356 B.C.-323 B.C. _vFiction. |
| 651 | 4 |
_aGreece _xHistory _yMacedonian Expansion, 359-323 B.C. _vFiction. |
|
| 651 | 0 |
_aGreece _xHistory _yMacedonian Expansion, 359-323 B.C. _vFiction. |
|
| 700 | 1 |
_aHalliday, Iain, _d1960- |
|
| 906 |
_a7 _bcbc _ccopycat _d2 _encip _f20 _gy-gencatlg |
||
| 942 |
_2ddc _cBK |
||